| 000 | 00379nam a22001337a 4500 | ||
|---|---|---|---|
| 082 |
_aRIB.17 629.331 _bMAJ |
||
| 100 | _aMAJUMDAR (Samir) | ||
| 245 | _aAutomobile profiles manufacturing | ||
| 246 | _aRubber industry books box. Pocket book. 17 | ||
| 260 |
_aThailand _bTechnobiz Communications _c2018 |
||
| 300 | _a44p. | ||
| 650 | _aAutomobile profile manufacturing | ||
| 942 | _cBK | ||
| 999 |
_c74821 _d74821 |
||